000 00322nam a2200145Ia 4500
008 220923s9999 xx 000 0 und d
082 _bTRI
100 _aTRIPATHI, T.P.
245 4 _aTHE CODE OF CIVIL PROCEDURE
250 _a8TH
260 _c2016
300 _a898
650 _aCivil Procedure Code
942 _cBK
999 _c195945
_d195945